01388nam a2200289 a 4500001000200000003000900002005001700011008003600028020001800064040002600082082003500108245023100143260008500374300003900459500007500498504003300573650005000606650003500656651005900691651005900750651008000809651004900889651007600938700003301014700002701047700002401074 DO-SdBNP20230131085911.0110413s2008 dr ad 001 0 spa d a9789945163483 aDO-SdBNPbspacBPMSU  4a327.729307294bD313Le 200822200aLes défis du développement insulaire :bdéveloppement durable, migrations et droits humains dans les relations dominico-haîtiennes au XXIe siècle /ceditores Wilfredo Lozano, Bridget Wooding ; traductor Paul Bertoni. aSanto Domingo :bFLACSO :bCentro de Investigaciones y Estudios Sociales,c2008. a390 p. :bil., gráfcs. ;c23 cm. aIncluye referencias bibliográficas y notas al final de las páginas aBibliografía : p. 365-385. 4aDesarrollo sosteniblezRepública Dominicana 4aDesarrollo sosteniblezHaití 4aRepública DominicanaxRelaciones ExterioreszHaití 4aHaitíxRelaciones ExterioreszRepública Dominicana 4aRepública DominicanaxEmigración E InmigraciónxAspectos Económicos 4aRepública DominicanaxTratados Comerciales 4aRepública DominicanaxEmigración E InmigraciónxAspectos Sociales12aLozano, Wilfredod1950-eed.12aWooding, Bridget,eed.12aBertoni, Paul,etr.